00681nam a2200241 a 4500001001300000003000900013005001700022008004100039020001000080082001600090100002900106245002000135260003200155300000900187500003500196505000900231650002300240700002900263902000800292942000700300952011700307999001500424nice12345678IN_TiNIC20260116012959.0050524s1935 alla grp 000 0 urd  ac10000a891.53bNAE aNaeemur Rahman, Mohammad aShahnama Shadab aAllahabadbKitabistanc1935 a128p aincludes index and biblioraphy2 aMaps aPersian Literature1 aNaeemur Rahman, Mohammad bSRS cBK 001040708StackRoom-aHMIbHMId2007-06-04g100.00l0o891.53 NAEp011540r2007-06-04v100.00w2005-05-24yBK c9148d9148